Mapa dels dialectes del Català/Valencià - Statistics

General Stats
  • This quiz has been taken 60 times
  • The average score is 12 of 22
Answers on the Map
Answers color-coded by a green-red scale on the quiz's map according to % correct below.
 
Answer Stats
Answer % Correct
Mallorquí
90%
Menorquí
90%
Central
88%
Eivissenc
78%
Alguerés
72%
Barceloní
70%
Alacantí
68%
Tarragoní
66%
Castellonenc
56%
Apitxat
52%
Salat
52%
Salat
52%
Tortosí
50%
Nord-Occidental
48%
Meridional
44%
Pallarés
44%
Ribagorçà
40%
Septentrional
40%
Xipella
28%
Capcinés
22%
Septentrional de Transició
18%
Parlars de Matarranya
16%
No matching quizzes found
Score Distribution
Percent of People with Each Score
Percentile by Number Answered
Your Score History
You have not taken this quiz